Červené čižmičky detský kreslený film, príbeh o láske a o pravdivom vianočnom dare

Podrobná bibliografia
Médium: Kniha
Jazyk:slovenčina
Fyzický popis:1 videokazeta (30 min.) stereo, fareb., VHS systém PAL 10x19 cm
Vydavateľské údaje: Bratislava Slovenské evanjelizačné stredisko pre masmédia 1995
Predmet:

MARC

LEADER 00000nam a2200000 a 4500
001 vtls001223592
003 SK-MaSNL
005 20260302031957.0
008 130606s1995 xo 0 slo
015 |a SNBJ1997/04-01588 
035 |a SNK000169755 
040 |a SNK  |b slo  |c SNK  |e AACR2 
044 |a xo  |c SK 
080 |a 791.43-252(086.8)  |2 1981 
245 1 |a Červené čižmičky  |h videozáznam  |b detský kreslený film, príbeh o láske a o pravdivom vianočnom dare 
260 |a Bratislava  |b Slovenské evanjelizačné stredisko pre masmédia  |c 1995 
300 |a 1 videokazeta (30 min.)  |b stereo, fareb., VHS systém PAL  |c 10x19 cm 
650 0 7 |a rozprávky filmové  |x videokazety  |2 SNK  |9 284201 
655 7 |a videokazety  |2 SNK  |9 70726 
999 |c 1054448  |d 1056378 
952 |t P60, <03>, [BOOK], {603}  |a SNK  |b SNK  |y PREZ  |7 0  |p 17A0069353  |o snkSVC 761  |i snkJK 27/97  |0 0  |1 0  |4 0  |d 1997-01-14  |l 0  |r 2005-01-01 00:00:00  |w 2026-02-24